|
|
|
|
| LEADER |
00000naa0a2200000 4500 |
| 001 |
655962 |
| 005 |
20250915092444.0 |
| 035 |
|
|
|a (RuTPU)RU\TPU\network\22302
|
| 090 |
|
|
|a 655962
|
| 100 |
|
|
|a 20171016d2017 k||y0rusy50 ca
|
| 101 |
0 |
|
|a rus
|
| 102 |
|
|
|a RU
|
| 135 |
|
|
|a drcn ---uucaa
|
| 181 |
|
0 |
|a i
|
| 182 |
|
0 |
|a b
|
| 200 |
1 |
|
|a Страхование обеспечения социального благополучия пожилых людей
|f Чан Тхи Хонг Фыонг, И. П. Воробьева
|
| 203 |
|
|
|a Текст
|c электронный
|
| 300 |
|
|
|a Заглавие с экрана
|
| 463 |
|
1 |
|t Социально-экономические проблемы современности: поиски междисциплинарных решений
|o тезисы докладов и выступлений участников Международной конференции "XXIV Кондратьевские чтения", Москва, 16-17 Ноября 2016
|f Международный фонд Н. Д. Кондратьева ; Российская академия наук (РАН), Институт экономики (ИЭ)
|v [С. 202-205]
|d 2016
|
| 610 |
1 |
|
|a электронный ресурс
|
| 610 |
1 |
|
|a труды учёных ТПУ
|
| 610 |
1 |
|
|a социальное благополучие
|
| 610 |
1 |
|
|a пожилые люди
|
| 700 |
|
1 |
|a Чан Тхи Хонг Фыонг
|
| 701 |
|
1 |
|a Воробьева
|b И. П.
|c экономист
|c доцент Томского политехнического университета, кандидат экономических наук
|f 1949-
|g Ирина Павловна
|3 (RuTPU)RU\TPU\pers\25422
|
| 712 |
0 |
2 |
|a Национальный исследовательский Томский политехнический университет (ТПУ)
|b Институт социально-гуманитарных технологий (ИСГТ)
|b Кафедра экономики (ЭКОН)
|3 (RuTPU)RU\TPU\col\18375
|
| 801 |
|
1 |
|a RU
|b 63413507
|c 20141010
|
| 801 |
|
2 |
|a RU
|b 63413507
|c 20171016
|g RCR
|
| 856 |
4 |
|
|u https://inecon.org/docs/2016/IKF_Abstract_2016.pdf#page=202
|
| 942 |
|
|
|c CF
|